000 00381nam a2200145Ia 4500
005 20251222153537.0
008 251222s9999||||xx |||||||||||||| ||spa||
020 _a9786124328244
082 _a347.728.605/H56/T.I
100 _aHinostroza Minguez, Alberto
245 0 _aComentarios al Código Procesal Civil
250 _a4ta.ed.
264 _bInstituto Pacífico
942 _cLIB
999 _c30300
_d30300